000
00290nam a22001217a 4500
050
_a
HG 8835
_b
.S36 1999
100
_a
W.F.Scott
245
_a
Life Assuarance Mathematics
260
_a
Aberdeen
_b
University of Aberdeen
_c
1999
300
_a
337p.
650
_b
acturial mathematics
942
_c
SL2
999
_c
534
_d
534